| 000 | 01128nac a22003737a 4500 | ||
|---|---|---|---|
| 001 | BR0501811 | ||
| 003 | BR-BrBNA | ||
| 005 | 20240105123129.0 | ||
| 008 | 230509b bl.|||m| |||| 00| 0 por d | ||
| 040 |
_aBR-BrBNA _bpor _cBiblioteca Nacional de Agricultura |
||
| 072 | _aF30; F40 | ||
| 090 | _a0336 BR0501811 | ||
| 100 | 1 | _aCampo, C.B.H. | |
| 100 | 1 | _aSaraiva, O.F. | |
| 110 | 1 | _aEMBRAPA Soja, Londrina, PR (Brasil) | |
| 245 | 1 | _aResultados de pesquisa da EMBRAPA Soja - 2002: ecofisiologia e biologia molecular | |
| 260 | 3 |
_aLondrina, PR (Brasil): _c2003. |
|
| 300 | _a92 p. | ||
| 490 |
_aDocumentos - EMBRAPA Soja (Brazil) _vno. 217 _xISSN 1516-781X |
||
| 500 | _a19 illus.; 11 tables | ||
| 650 | _aSOJA | ||
| 650 | _aFISIOLOGIA VEGETAL | ||
| 650 | _aANÁLISE BIOLÓGICA | ||
| 650 | _aMELHORAMENTO GENÉTICO VEGETAL | ||
| 650 | _aMANCHA PARDA | ||
| 650 | _aNEMATÓIDE | ||
| 650 | _aBIOLOGIA MOLECULAR | ||
| 650 | _aGENÓTIPO | ||
| 650 | _aDOENÇA DE PLANTA | ||
| 650 | _aRADIAÇÃO SOLAR | ||
| 650 | _aCLIMATOLOGIA | ||
| 909 |
_a202312 _bLúcia Elande _c55 _dLúcia Elande |
||
| 942 |
_2AGRIS _n0 _cMS |
||
| 999 |
_c294121 _d294121 |
||